Kỹ thuật hàn thông dụng và cao cấp /
Trình bày các phương pháp Hàn từ phổ cập đến hiện đại, từ các chủ đề như nhiên liệu hàn xì, thiết bị hàn gió đá, các phương pháp hàn chì, hàn vẩy và hàn thau cho đến các chủ đề cắt kim loại, an toàn, xưởng tại nhà......
Đã lưu trong:
| Hovedforfatter: | |
|---|---|
| Andre forfattere: | |
| Format: | Bog |
| Sprog: | Vietnamese |
| Udgivet: |
H. :
Giao thông vận tải ,
2004
|
| Udgivelse: | In lần thứ 1 |
| Fag: | |
| Tags: |
Tilføj Tag
Ingen Tags, Vær først til at tagge denne postø!
|
| Thư viện lưu trữ: | Thư viện Trường CĐ Kỹ Thuật Cao Thắng |
|---|
| LEADER | 01130nam a2200229 a 4500 | ||
|---|---|---|---|
| 001 | TVCDKTCT3976 | ||
| 003 | Thư viện trường Cao đẳng Kỹ thuật Cao Thắng | ||
| 005 | 20051115000000 | ||
| 008 | 051115 | ||
| 980 | \ | \ | |a Thư viện Trường CĐ Kỹ Thuật Cao Thắng |
| 024 | |a RG_1 #1 eb0 i1 | ||
| 041 | 0 | # | |a vie |
| 082 | # | # | |a 671.52 / |b TR121H-k |
| 100 | 1 | # | |a Quang Hùng |
| 245 | 0 | 0 | |a Kỹ thuật hàn thông dụng và cao cấp / |c Quang Hùng, Trần Phục Hưng |
| 250 | # | # | |a In lần thứ 1 |
| 260 | # | # | |a H. : |b Giao thông vận tải , |c 2004 |
| 300 | # | # | |a 310tr. ; |c 21cm |
| 520 | # | # | |a Trình bày các phương pháp Hàn từ phổ cập đến hiện đại, từ các chủ đề như nhiên liệu hàn xì, thiết bị hàn gió đá, các phương pháp hàn chì, hàn vẩy và hàn thau cho đến các chủ đề cắt kim loại, an toàn, xưởng tại nhà... |
| 650 | # | 4 | |a Cơ khí |
| 650 | # | 4 | |a Nhiên liệu hàn-Vật liệu hàn-Hàn chì-Cắt kim loại |
| 700 | 0 | # | |a Trần Phục Hưng |